000
00296nam a22001337a 4500
008
171123b xxu||||| |||| 00| 0 eng d
020
_a
0866910883
041
_a
eng
080
_a
33
100
_a
58
101
_a
BUS
245
_a
FARM& RANCH BUSINESS MANAGEMENT
_c
STEWARD,J
942
_2
udc
_c
BK
999
_c
38411
_d
38411